Michigan State Fraternities - Statistics

General Stats
  • This quiz has been taken 81 times
    21 since last reset
  • The average score is 7 of 26
Answer Stats
Frats At MSU % Correct
Pi kappa alpha
50%
Sigma Alpha Epsilon
44%
Theta Chi
44%
Delta kappa epsilon
38%
Kappa sigma
38%
Phi gamma delta
38%
Tau kappa epsilon
38%
Farmhouse
31%
Phi Kappa Psi
31%
Pi Kappa Phi
31%
Sigma nu
31%
Alpha Epsilon Pi
25%
Delta sigma phi
25%
Phi delta theta
25%
Sigma Pi
25%
Zeta Psi
25%
Alpha sigma phi
19%
Beta theta pi
19%
Phi kappa sigma
19%
Sigma alpha mu
19%
Theta delta chi
19%
Triangle
19%
Alpha gamma rho
13%
Psi upsilon
13%
Alpha Kappa Psi
6%
Sigma tau gamma
6%
No matching quizzes found
Score Distribution
Percent of People with Each Score
Percentile by Number Answered
Your Score History
You have not taken this quiz since the last reset